000 00534nam a2200145Ia 4500
008 100122s9999 xx 000 0 und d
082 _b40263
_a796.358
100 _aपंडित बाळ ज
245 _aएक रंगलेली कसोटी मालिका
260 _bउत्कर्ष प्रकाशन
_c1985
300 _a137
630 _aएक रंगलेली कसोटी मालिका
730 _aएक रंगलेली कसोटी मालिका
942 _cBOOK
999 _c421162
_d421159